00519nam a2200193 a 4500001001300000003000900013005001700022008004100039020001000080082001300090100002000103245005400123260004800177300000900225500003500234505001800269650001800287700002000305nice12345678IN_TiNIC20260116011429.0050524s1964 laha grp 000 0 urd  ac10000a244bRAL aRallia, Ram M L aShahidan-I-Carthage Ya Qadeem Masihion Ka Tazkira aLahorebPunjab Religious Booksociety c1964 a388p aincludes index and biblioraphy2 aIndex Nominvm aBible Stories1 aRallia, Ram M L